ბათუმის შოთა რუსთაველის სახელმწიფო უნივერსიტეტის ბიბლიოთეკა

Diagramming the Big Idea : (ბიბ.ჩანაწერი № 41112)

000 -LEADER
fixed length control field 00678nam a2200229Ia 4500
001 - CONTROL NUMBER
control field 7762
003 - CONTROL NUMBER IDENTIFIER
control field GE_BSU
005 - DATE AND TIME OF LATEST TRANSACTION
control field 20220923142205.0
008 - FIXED-LENGTH DATA ELEMENTS--GENERAL INFORMATION
fixed length control field 181216s2012en xx |||||||||||||| ||eng||
020 ## - INTERNATIONAL STANDARD BOOK NUMBER
International Standard Book Number 9780203103593
040 ## - CATALOGING SOURCE
Transcribing agency GE_BSU
041 ## - LANGUAGE CODE
Language code of text/sound track or separate title eng
080 ## - UNIVERSAL DECIMAL CLASSIFICATION NUMBER
Universal Decimal Classification number 711.01/09 B-18
100 ## - MAIN ENTRY--PERSONAL NAME
Personal name Balmer,Jeffrey
9 (RLIN) 14739
245 ## - TITLE STATEMENT
Title Diagramming the Big Idea :
Remainder of title Methods for Architectural Composition /
Statement of responsibility, etc. Jeffrey Balmer.
264 ## - PRODUCTION, PUBLICATION, DISTRIBUTION, MANUFACTURE, AND COPYRIGHT NOTICE
Place of production, publication, distribution, manufacture New York and London :
Name of producer, publisher, distributor, manufacturer Routledge,
Date of production, publication, distribution, manufacture, or copyright notice 2012.
300 ## - PHYSICAL DESCRIPTION
Extent 242 p.;
Other physical details Ill;
Dimensions 29 cm.
653 ## - INDEX TERM--UNCONTROLLED
keyword Diagramming the Big Idea
653 ## - INDEX TERM--UNCONTROLLED
keyword Methods for Architectural Composition
653 ## - INDEX TERM--UNCONTROLLED
keyword დიაგრამები
942 ## - ADDED ENTRY ELEMENTS (KOHA)
Koha item type წიგნი
Source of classification or shelving scheme
ეგზემპლარები
Withdrawn status Lost status Source of classification or shelving scheme Damaged status Not for loan Permanent Location Current Location Shelving location Date acquired Cost, normal purchase price Full call number Barcode Date last seen Copy number Price effective from Koha item type Public note
          ბათუმის შოთა რუსთაველის სახელმწიფო უნივერსიტეტის მთავარი ბიბლიოთეკა ტექნოლოგიური ფაკულტეტის ბიბლიოთეკა წიგნსაცავი 2018-12-17 76.00 711.01/09 B-18 24130 2018-12-17 24130 2018-12-17 წიგნი 76gel.